Quizzes
Events
Quiz Creation
Community
Videos
Private Events
Remove Ads
Sign In
Join for FREE
Feedback
Dark Mode
Quiz Categories
Sports
Geography
Music
Movies
Television
Just For Fun
Miscellaneous
History
Literature
Language
Science
Gaming
Entertainment
Religion
Holiday
For Kids
Quiz Lab
Recent
Popular Today
Quiz Kudos Today
Editor Picks
Curator Picks
Quizzes by...
Day
Popularity
Type
Ratings
Length
Year
Community
Subscriptions
Recent Discussions
Orange Saloon
Badges
Playlists
Quests
Create
Leaderboards
Showdown
Live 5
Trivia Bingo
Activity
Puzzle Library
Sporcle Events
Private Events
Virtual Trivia
Globe League
Become a Host
Pub Owners
SporcleCon
Opinionation
Our Games
Videos
Blog
Mobile Apps
Partnerships
Remove Ads and Go Orange
Feedback
Sports
Athletes
MLB
NBA
NHL
NFL
Soccer
Sports Teams
WWE
NCAA
Football
Premier League
Basketball
Baseball
Hockey
Golf
Tennis
Cricket
Rugby
Auto Racing
Olympics
World Cup
Sports
Athletes
MLB
NBA
NHL
NFL
Soccer
Sports Teams
WWE
NCAA
Football
Premier League
Basketball
Baseball
Hockey
Golf
Tennis
Cricket
Rugby
Auto Racing
Olympics
World Cup
Random Quiz
Search Sporcle
×
Quiz Lab
Quiz Lab
Sports
MLB
Type in answers that appear in a list
Type in answers that appear in a list
Classic
Best Score? Go Orange.
2000 White Sox most games started Stats
Can you name the players with the most games started and relief appearances for the 2000 White Sox?
By
huisj
6m
34 Questions
83 Plays
83 Plays
83 Plays
Comments
Comments
Give Quiz Kudos
Give Quiz Kudos
-
- Ratings
hide this ad
More Info
Replay
Link that replays current quiz
Next Quiz
Link to next quiz in quiz playlist
You Got
0%
They Got
Avg Score
46%
Avg Friend Score
Upgrade to see
Score Distribution
Jump to the score distribution portion of the page
Score
0/34
Timer
06:00
0
Plays Today
Position
Player
% Correct
1B
Frank Thomas
94%
DH
Frank Thomas
94%
1B
Paul Konerko
88%
C
Mark Johnson
78.3%
C
Charles Johnson
74.7%
RF
Magglio Ordonez
74.7%
LF
Carlos Lee
73.5%
2B
Ray Durham
72.3%
RP
Mark Buehrle
67.5%
SS
Jose Valentin
62.7%
SP
Jim Parque
60.2%
RP
Keith Foulke
59%
SP
James Baldwin
57.8%
SP
Mike Sirotka
54.2%
3B
Herbert Perry
51.8%
CF
Chris Singleton
50.6%
RP
Bob Howry
48.2%
Position
Player
% Correct
C
Brook Fordyce
41%
SP
Jon Garland
39.8%
3B
Greg Norton
32.5%
SP
Kip Wells
32.5%
SP
Cal Eldred
31.3%
DH
Harold Baines
28.9%
RP
Kelly Wunsch
28.9%
RP
Bill Simas
26.5%
2B
Tony Graffanino
21.7%
SS
Tony Graffanino
21.7%
LF
Jeff Abbott
20.5%
CF
Jeff Abbott
20.5%
RF
Jeff Abbott
20.5%
RP
Sean Lowe
14.5%
RP
Lorenzo Barcelo
12%
RP
Jesus Pena
10.8%
RP
Kevin Beirne
4.8%
Quiz Playlist
Details
Report
Send in Message
Add To Playlist
More Info:
*=left handed pitcher/batter. #=switch hitter.
Classic:
Type in answers that appear in a list
Quiz Source
Last Updated: Feb 16, 2017
Quiz Scoreboard
CHALLENGE
Sign Up to Join the Scoreboard
Show All
Scores
Hide
Comments
May contain spoilers
Recently Published
TV Characters by Other Roles V
by ghcgh
Television
5m
Decade Duel: World Leaders
by jenniferyan
History
4m
Alphabetical 'K' Countries by Flag Minefield
by ylime102
Geography
3m
More to Explore
Quiz From the Vault
Featured Blog Post
15 Basketball Trivia Facts You Can Be March Mad About
hide this ad
You Might Also Like...
Tags
Baseball Quiz
MLB Quiz
2000
chicago
Chicago Sports
lineup
Roster
Today's Top Quizzes in Sports
Browse Sports
hide this ad
Today's Top Quizzes in MLB
Browse MLB
Top Contributed Quizzes in Sports
1
Les joueurs à 100 buts en Ligue 1 Uber Eats
2
2022 World Cup Stars
3
Pick 6: NFL Teams
4
MLB 2 truths and a lie: Hall of Fame pitchers
5
Pick 6: Minor League Baseball
6
Millionaire: NBA Finals Edition
7
Pick 6: Olympics
8
50+ Goals in European Competition
9
Click the 1998 NBA Draft
10
Iconic Moments in Football - Multiple Choice
Explore More
Trending Topics
NBA
Disney
Crossword
Marvel
Anime
Harry Potter
Kpop
The Office
Soccer
Country
NFL
Puzzle
Pokémon
WWE
Song
hide this ad
More By:
huisj
Quiz
Plays
Rating
Category
Featured
Created
2008 White Sox most games started
182
Sports
Aug 19, 2010
2000 White Sox most games started
83
5.00
Sports
Aug 19, 2010
1993 White Sox most games started
79
Sports
Aug 19, 2010
2005 Braves most games started
76
Sports
Aug 20, 2010
1994 White Sox most games started
62
Sports
Aug 19, 2010
Go to Creator's Profile
Score Distribution
Quiz Creator Spotlight
huisj
Follow
Send a Message
Quizzes Created
-
Created Quiz Play Count
-
More By This Creator
Popular Quizzes Today
1
Countries of Asia Without Outlines Minefield
2
Find the US States - No Outlines Minefield
3
Pick 6: Fruits
4
The Countries of the World
5
Find the Countries of Europe - No Outlines Minefield
6
Alphabetical 'K' Countries by Flag Minefield
7
US States
8
Find the US States
More Sports Quizzes
Any NFL Team Besides the Steelers
Published
Trending Quizzes
Pick 6: Mountains
Pick 6: Harry Potter
Pick 6: Flags
Pick 6: NFL Teams
C Names for Actors
Recently Updated
Adaptations: Name the Title
pecheneg
NWSL Teams
pecheneg
Women's Final Four Teams by Year
bhenderson79
Presidents Quartet II
eogle
Anything But Clue(do)
eogle
Anything But Oceanian Capitals
eogle
Anything But 7
eogle
Anything But Thing
eogle
Word Ladder: February 29
pecheneg
Song Title Questions
pecheneg
Trending Topics
Marvel
NBA
Anime
Harry Potter
Crossword
Kpop
Disney
WWE
Pokémon
Song
Soccer
Country
The Office
NFL
Puzzle
Your Account Isn't Verified!
In order to create a playlist on Sporcle, you need to verify the email address you used during registration. Go to your
Sporcle Settings
to finish the process.
Report this User
Report this user for behavior that violates our
Community Guidelines
.
Details:
Send Report
Go to the Sporcle.com Mobile Site →
Comments